Design of concrete structures (Record no. 3628)

000 -LEADER
fixed length control field 00663nam a2200229 a 4500
001 - CONTROL NUMBER
control field 3628
003 - CONTROL NUMBER IDENTIFIER
control field BD-DhUET
008 - FIXED-LENGTH DATA ELEMENTS--GENERAL INFORMATION
fixed length control field 850621s1985 enka b 101 0 eng
020 ## - INTERNATIONAL STANDARD BOOK NUMBER
International Standard Book Number 007Y665486
040 ## - CATALOGING SOURCE
Original cataloging agency DLC
Transcribing agency DLC
Modifying agency BD-DhUET
082 00 - DEWEY DECIMAL CLASSIFICATION NUMBER
Classification number 624.183
Item number NIL/1986
100 ## - MAIN ENTRY--PERSONAL NAME
Personal name Nilson, Arthur H.
245 00 - TITLE STATEMENT
Title Design of concrete structures
Statement of responsibility, etc. by Arthur H. Nilson and George Winter
250 ## - EDITION STATEMENT
Edition statement 10th ed.
260 ## - PUBLICATION, DISTRIBUTION, ETC. (IMPRINT)
Place of publication, distribution, etc. New York:
Name of publisher, distributor, etc. McGraw Hill Book Company,
Date of publication, distribution, etc. 1986.
300 ## - PHYSICAL DESCRIPTION
Extent xi, 380 p. :
Other physical details ill. ;
Dimensions 23 cm.
490 ## - SERIES STATEMENT
Series statement Civil engineering series
504 ## - BIBLIOGRAPHY, ETC. NOTE
Bibliography, etc Includes bibliographies
650 #0 - SUBJECT ADDED ENTRY--TOPICAL TERM
Topical term or geographic name as entry element Reinforced concrete
700 ## - ADDED ENTRY--PERSONAL NAME
Personal name Winter, George
942 ## - ADDED ENTRY ELEMENTS (KOHA)
Koha item type General Book
Holdings
Koha normalized classification for sorting Price effective from Location (home branch) Koha date last borrowed Koha full call number Lost status Koha issues (times borrowed) Withdrawn status Shelving location Koha renewals Not for loan Koha date last seen Date acquired Copy number Koha item type Sublocation or collection (holding branch) Koha out on loan Source of classification or shelving scheme Piece designation (barcode) Damaged status
624_000000000000000_183NIL19862014-11-02Central Library, BUET2026-02-23624.183/NIL/1986 6 Circulation section1 2026-02-232014-11-021General BookCentral Library, BUET2027-02-23 77873 
624_183000000000000_NIL_19862024-12-04Central Library, BUET 624.183 NIL/1986   Rental section  2024-12-041990-10-23১০/ক-১Rental ItemCentral Library, BUET  77816 
624_183000000000000_NIL_19862024-12-04Central Library, BUET 624.183 NIL/1986   Rental section  2024-12-041990-10-23১০/ক-২Rental ItemCentral Library, BUET  77817 
624_183000000000000_NIL_19862024-12-04Central Library, BUET 624.183 NIL/1986   Rental section  2024-12-041990-10-23১০/ক-৩Rental ItemCentral Library, BUET  77818 
624_183000000000000_NIL_19862024-12-04Central Library, BUET 624.183 NIL/1986   Rental section  2024-12-041990-10-23১০/ক-৪Rental ItemCentral Library, BUET  77819 
624_183000000000000_NIL_19862024-12-04Central Library, BUET 624.183 NIL/1986   Rental section  2024-12-041990-10-23১০/ক-৫Rental ItemCentral Library, BUET  77820 
624_183000000000000_NIL_19862024-12-04Central Library, BUET 624.183 NIL/1986   Rental section  2024-12-041990-10-23১০/ক-৬Rental ItemCentral Library, BUET  77821 
624_183000000000000_NIL_19862024-12-04Central Library, BUET 624.183 NIL/1986   Rental section  2024-12-041990-10-23১০/ক-৭Rental ItemCentral Library, BUET  77822 
624_183000000000000_NIL_19862024-12-04Central Library, BUET 624.183 NIL/1986   Rental section  2024-12-041990-10-23১০/ক-৮Rental ItemCentral Library, BUET  77823 
624_183000000000000_NIL_19862024-12-04Central Library, BUET 624.183 NIL/1986   Rental section  2024-12-041990-10-23১০/ক-৯Rental ItemCentral Library, BUET  77824 
624_183000000000000_NIL_19862024-12-04Central Library, BUET 624.183 NIL/1986   Rental section  2024-12-041990-10-23১০/ক-১০Rental ItemCentral Library, BUET  77825 
624_183000000000000_NIL_19862024-12-04Central Library, BUET 624.183 NIL/1986   Rental section  2024-12-041990-10-23১০/ক-১১Rental ItemCentral Library, BUET  77826 
624_183000000000000_NIL_19862024-12-04Central Library, BUET 624.183 NIL/1986   Rental section  2024-12-041990-10-23১০/ক-১২Rental ItemCentral Library, BUET  77827 
624_183000000000000_NIL_19862024-12-04Central Library, BUET 624.183 NIL/1986   Rental section  2024-12-041990-10-23১০/ক-১৩Rental ItemCentral Library, BUET  77828 
624_183000000000000_NIL_19862024-12-04Central Library, BUET 624.183 NIL/1986   Rental section  2024-12-041990-10-23১০/ক-১৪Rental ItemCentral Library, BUET  77829 
624_183000000000000_NIL_19862024-12-04Central Library, BUET 624.183 NIL/1986   Rental section  2024-12-041990-10-23১০/ক-১৫Rental ItemCentral Library, BUET  77830 
624_183000000000000_NIL_19862024-12-04Central Library, BUET 624.183 NIL/1986   Rental section  2024-12-041990-10-23১০/ক-১৬Rental ItemCentral Library, BUET  77831 
624_183000000000000_NIL_19862024-12-04Central Library, BUET 624.183 NIL/1986   Rental section  2024-12-041990-10-23১০/ক-১৭Rental ItemCentral Library, BUET  77832 
624_183000000000000_NIL_19862024-12-04Central Library, BUET 624.183 NIL/1986   Rental section  2024-12-041990-10-23১০/ক-১৮Rental ItemCentral Library, BUET  77833 
624_183000000000000_NIL_19862024-12-04Central Library, BUET 624.183 NIL/1986   Rental section  2024-12-041990-10-23১০/ক-১৯Rental ItemCentral Library, BUET  77834 
624_183000000000000_NIL_19862024-12-04Central Library, BUET 624.183 NIL/1986   Rental section  2024-12-041990-10-23১০/ক-২০Rental ItemCentral Library, BUET  77835